1017 1244 1053 1689 1998 1774 1105 1105 1616 1247 1950 1907 1570 1101 1619 1773 1120 1729 1277 1635 1173 1904 1362 1257 1265 1917 1638 1007 1502 1106 1657 1757 1896 1952 1903 1447 1996 1354 1361 1334 1115 1841 1074 1961 1959 1697 1947 1393 1939 1015 1931 1917 1814 1283 1884 1801 1869 1752 1490 1519 1781 1063 1670 1570 1801 1449 1048 1658 1638 1036 1559 1519 1478 1371 1985 1417 1106 1493 1937 1383 1649 1470 1198 1559 1069 1357 1432 1055 1148 1878 1316 1898 1775 1197 1454 1450 1414 1800 1048 BCNSPRNW ULIB Ver.6.0+V

เปลี่ยนเป็นภาษาไทย

Change to English
 แสดงรายละเอียดบรรณานุกรม
  กลับหน้าหลัก

Brief Record : Get Marc (ISO 2709) : E-mail record : QR code < ปิดหน้าต่าง
LEADER : 00000nam 2200000uu 4500
001    13399114128
003     ULIB
008    110320s||||||||th 000 0 tha d
099    วจ.BF481^bจ484ผ
100 0  จินตวีร์พร แป้นแก้ว
245 00 ผลของตัวแบบต่อการลดความวิตกกังวลของนักศึกษาพยาบาลก่อนการศึกษาปฏิบัติหลักการและเทคนิคการพยาบาล/^cจินตวีร์พร แป้นแก้ว และ ชญาณิศา เขมทัศน์
260    เชียงใหม่ :^bวิทยาลัยพยาบาลบรมราชชนนี เชียงใหม่,^c2554
300    109 หน้า :^bตาราง
500    รายงานการวิจัย
650  7 ความวิตกกังวล^xนักศึกษาพยาบาล^xวิจัย
700 02 ชญาณิศา เขมทัศน์
710 2  วิทยาลัยพยาบาลบรมราชชนนี. ^bเชียงใหม่
945    ^p0^l0^i031006
945    ^p0^l0^i031007
995    ทศพร
999 ^a ใช้งานได้ทุกระบบ
รายการนี้ยังไม่มีแท็ก
คุณยังไม่ได้ล็อกอิน คุณสามารถมีกิจกรรมร่วมกับเว็บไซต์ได้ แต่ต้องล็อกอินก่อน ::
  ล็อกอิน

รายการสื่อสารสนเทศ

ลำดับที่ ประเภท เลขเรียก/บาร์โค้ด สถานที่ สถานะ
1. งานวิจัย
งานวิจัย
วจ.BF481 จ484ผ ฉ.1 
  Barcode: 031006
ห้องสมุดวิทยาเขตสวรรค์ประชารักษ์
►วิจัย
บนชั้น
2. งานวิจัย
งานวิจัย
วจ.BF481 จ484ผ ฉ.2 
  Barcode: 031007
ห้องสมุดวิทยาเขตสวรรค์ประชารักษ์
►วิจัย
บนชั้น

รายการใกล้เคียง
    ผู้แต่ง [จินตวีร์พร แป้นแก้ว]

BibComment


ยังไม่เคยถูกคอมเมนท์

คอมเมนท์ทรัพยากรรายการนี้
  คอมเมนท์: ผลของตัวแบบต่อการ..


 Copyright 2026. Bcnsprnw @Library